[Event "Open Brno 2017"]
[Site "Brno"]
[Date "2017.11.14"]
[Round "4"]
[White "Bengherabi, Khalil"]
[Black "Kredl, Karel"]
[Result "1-0"]
[WhiteElo "2220"]
[BlackElo "2139"]
[PlyCount "65"]
[EventDate "2017.11.11"]

1. e4 c5 2. Nf3 d6 3. d4 cxd4 4. Nxd4 Nf6 5. Nc3 Nc6 6. Bg5 e6 7. Qd2 Be7 8.
O-O-O O-O 9. f4 Nxd4 10. Qxd4 Qa5 11. Bc4 Bd7 12. e5 dxe5 13. fxe5 Bc6 14. Bd2
Nd7 15. Nd5 Qd8 16. Nxe7+ Qxe7 17. Rhe1 Rfd8 18. Qg4 Nb6 19. Bd3 Rxd3 20. cxd3
Ba4 21. Bh6 g6 22. Rd2 Rc8+ 23. Kb1 Qc5 24. Qf4 Bc2+ 25. Ka1 Nd5 26. Qc4 Qxc4
27. dxc4 Rxc4 28. Rc1 Bb3 29. Rxc4 Bxc4 30. Rc2 Nb6 31. a4 Bb3 32. Rc7 Bxa4 33.
Rxb7 1-0

[Event "Open Brno 2017"]
[Site "Brno"]
[Date "2017.11.14"]
[Round "4"]
[White "Matejovsky, Ondrej"]
[Black "Kastner, Oldrich"]
[Result "1-0"]
[WhiteElo "2022"]
[BlackElo "2025"]
[PlyCount "53"]
[EventDate "2017.11.11"]

1. e4 {[%emt 0:00:00]} e6 2. d4 d5 3. exd5 exd5 4. Bd3 Nc6 5. c3 Bd6 6. Nf3
Nge7 7. O-O Bg4 8. Bg5 Qd7 9. Nbd2 h6 10. Bxe7 Nxe7 11. Re1 O-O-O 12. b4 Bf5
13. Nb3 Bxd3 14. Qxd3 Qf5 15. Qb5 c6 16. Qa5 Kb8 17. Ne5 Rhf8 18. b5 f6 19. Nf7
Bxh2+ 20. Kxh2 Qh5+ 21. Kg1 Qxf7 22. Qb4 Rfe8 23. Na5 Ka8 24. Nxb7 Kxb7 25.
bxc6+ Kxc6 26. Rab1 Kc7 27. Qa5+ 1-0

[Event "Open Brno 2017"]
[Site "Brno"]
[Date "2017.11.14"]
[Round "4"]
[White "Chudinovskikh, Alexander M"]
[Black "Dudek, Vojtech"]
[Result "1-0"]
[WhiteElo "2219"]
[BlackElo "1867"]
[PlyCount "53"]
[EventDate "2017.11.11"]

1. d4 Nf6 2. Nf3 c5 3. c3 e6 4. Bg5 cxd4 5. cxd4 Be7 6. Nc3 d6 7. e4 O-O 8. Bd3
a6 9. O-O b5 10. e5 Ne8 11. Qe2 Bb7 12. Ne4 Nc6 13. Rad1 Bxg5 14. Nfxg5 h6 15.
Qh5 d5 16. Nf6+ Nxf6 17. exf6 Qxf6 18. Nh7 Qxd4 19. Nxf8 Kxf8 20. Bxb5 Qxb2 21.
Rb1 Qxa2 22. Bd3 Rb8 23. Rfc1 Qd2 24. Qf3 Nb4 25. Qg3 Rd8 26. Qc7 Ke8 27. Rd1
1-0

[Event "Open Brno 2017"]
[Site "Brno"]
[Date "2017.11.14"]
[Round "4"]
[White "Kallstrom, Michael"]
[Black "Cip, Dalibor"]
[Result "0-1"]
[WhiteElo "1847"]
[BlackElo "2153"]
[PlyCount "70"]
[EventDate "2017.11.11"]

1. e4 c5 2. d4 cxd4 3. c3 dxc3 4. Nxc3 Nc6 5. Nf3 d6 6. Bc4 a6 7. O-O Nf6 8.
Bf4 Bg4 9. h3 Bxf3 10. Qxf3 e6 11. Rfd1 Qb8 12. Rd2 Be7 13. Rad1 Ne5 14. Qe2
O-O 15. Bb3 b5 16. Bg3 Rc8 17. Kh1 Qb7 18. f4 Nc4 19. Bxc4 Rxc4 20. e5 dxe5 21.
fxe5 Ne8 22. Rd7 Rc7 23. Rxc7 Qxc7 24. Ne4 Rd8 25. Rf1 Rd7 26. Qh5 Bd8 27. Kh2
Qc4 28. Qf3 Qd5 29. Qg4 Qxa2 30. Bh4 Bxh4 31. Qxh4 Qd5 32. Ng5 Qxe5+ 33. Kh1 h6
34. Nf3 Qxb2 35. Qf4 Nf6 0-1

[Event "Open Brno 2017"]
[Site "Brno"]
[Date "2017.11.14"]
[Round "4"]
[White "Prammer, Franz"]
[Black "Seddaoui, Yamine"]
[Result "0-1"]
[WhiteElo "1816"]
[BlackElo "2128"]
[PlyCount "50"]
[EventDate "2017.11.11"]

1. e4 e5 2. Bc4 Bc5 3. Nf3 Nc6 4. c3 Nf6 5. d3 d6 6. O-O a6 7. Bb3 Ba7 8. Re1
Ng4 9. Re2 O-O 10. h3 Nh6 11. d4 Qf6 12. Be3 Kh8 13. Re1 Qg6 14. Kh1 f5 15. Nh4
Qf6 16. Bxh6 Qxh4 17. Bd2 exd4 18. Bd5 f4 19. Bxc6 Bxh3 20. f3 Be6+ 21. Kg1
dxc3+ 22. Be3 fxe3 23. Qe2 cxb2 24. Nc3 bxa1=Q 25. Rxa1 Bc4 0-1

[Event "Open Brno 2017"]
[Site "Brno"]
[Date "2017.11.14"]
[Round "4"]
[White "Potseluev, Sergey"]
[Black "Richterova, Julie"]
[Result "1-0"]
[WhiteElo "2103"]
[BlackElo "1808"]
[PlyCount "87"]
[EventDate "2017.11.11"]

1. d4 Nf6 2. Nf3 e6 3. g3 b6 4. Bg2 Bb7 5. O-O c5 6. c3 Be7 7. Nbd2 O-O 8. a3
Qc7 9. Re1 Ne4 10. Nf1 d6 11. Be3 Nd7 12. N3d2 Ndf6 13. Nxe4 Nxe4 14. f3 Nf6
15. Bg5 d5 16. e3 Rac8 17. Bh3 Rfd8 18. Rc1 h6 19. Bxf6 Bxf6 20. f4 Ba6 21. Qh5
Bd3 22. Nd2 Qd7 23. Bf1 Bg6 24. Qf3 Rc7 25. h4 Rdc8 26. h5 Bh7 27. Ra1 cxd4 28.
exd4 b5 29. Nb3 Be7 30. Bd3 Bxd3 31. Qxd3 Bd6 32. Re3 Rb7 33. Rf1 f5 34. Qe2
Re8 35. Re1 Kf7 36. g4 Rbb8 37. Rf1 Qd8 38. Qg2 Bc7 39. Nc5 Bb6 40. gxf5 exf5
41. Rxe8 Kxe8 42. Qxg7 Qe7 43. Qg8+ Qf8 44. Re1+ 1-0

[Event "Open Brno 2017"]
[Site "Brno"]
[Date "2017.11.14"]
[Round "4"]
[White "Aird, Ian"]
[Black "Vojta, Jakub"]
[Result "0-1"]
[WhiteElo "1738"]
[BlackElo "2024"]
[PlyCount "74"]
[EventDate "2017.11.11"]

1. d4 {[%emt 0:00:00]} d5 2. Bf4 Nf6 3. e3 c5 4. c3 Nc6 5. Nd2 Qb6 6. Qb3 c4 7.
Qc2 g6 8. f3 Nh5 9. Bg5 f6 10. Bh4 e5 11. g4 Ng7 12. Be2 f5 13. Bf2 exd4 14.
exd4 Bd6 15. Nh3 O-O 16. O-O Qc7 17. b3 b5 18. a4 Re8 19. Rfe1 fxg4 20. Ng5 g3
21. hxg3 Bxg3 22. Nf1 Bf4 23. axb5 Qe7 24. Ne4 dxe4 25. Bxc4+ Kh8 26. Be3 Qg5+
27. Qg2 Qxg2+ 28. Kxg2 exf3+ 29. Kxf3 Bxe3 30. bxc6 Bg5 31. d5 Rf8+ 32. Kg2 Nf5
33. Bd3 Nh4+ 34. Kh1 Bh3 35. d6 Rf2 36. d7 Nf3 37. Re8+ Kg7 0-1

[Event "Open Brno 2017"]
[Site "Brno"]
[Date "2017.11.14"]
[Round "4"]
[White "Dopita, Bohumil"]
[Black "Zentko, Ladislav"]
[Result "1-0"]
[WhiteElo "2136"]
[BlackElo "1764"]
[PlyCount "59"]
[EventDate "2017.11.11"]

1. e4 e5 2. Nc3 Nf6 3. f4 d5 4. fxe5 Nxe4 5. Nf3 Bg4 6. d3 Nxc3 7. bxc3 Be7 8.
Be2 Nd7 9. d4 O-O 10. O-O f6 11. exf6 Nxf6 12. Ng5 Qd7 13. Rxf6 Rxf6 14. Bxg4
Qd6 15. Qd3 g6 16. Qh3 h5 17. g3 Qc6 18. Bd2 Raf8 19. Re1 Qc4 20. Be6+ Kg7 21.
Bd7 Kg8 22. Be6+ Kg7 23. Qg2 c6 24. Bxd5 Rf1+ 25. Rxf1 Rxf1+ 26. Qxf1 Qxd5 27.
Qf4 Bd6 28. Qe4 Qxa2 29. Ne6+ Kh7 30. Nf4 1-0

[Event "Open Brno 2017"]
[Site "Brno"]
[Date "2017.11.14"]
[Round "4"]
[White "Igen, Amir"]
[Black "Stanek, Stanislav"]
[Result "1-0"]
[WhiteElo "1684"]
[BlackElo "1930"]
[PlyCount "87"]
[EventDate "2017.11.11"]

1. d4 {[%emt 0:00:00]} Nf6 2. c4 d6 3. Nf3 c6 4. Nc3 Bg4 5. e4 Nbd7 6. Be2 e5
7. Be3 Be7 8. O-O O-O 9. Nd2 Bxe2 10. Qxe2 Re8 11. d5 Nf8 12. b4 Ng6 13. Nb3
Nd7 14. Rfd1 Qc7 15. c5 Nf4 16. Qd2 cxd5 17. Bxf4 exf4 18. Nxd5 Qd8 19. Qxf4
dxc5 20. Nc7 Rc8 21. Nxe8 Qxe8 22. Qf5 Rc7 23. bxc5 Nxc5 24. Nxc5 Bxc5 25. Qd5
b6 26. Qd8 Re7 27. Qxe8+ Rxe8 28. Kf1 h5 29. f3 a5 30. a4 g6 31. Rd5 Kg7 32.
Ke2 f6 33. Rd7+ Kh6 34. Kd3 Kg5 35. g3 h4 36. Rd5+ f5 37. g4 Kf4 38. gxf5 Kxf3
39. fxg6 Rg8 40. Rg5 Kf4 41. Rf5+ Kg4 42. Ra2 h3 43. Rf6 Kh5 44. e5 1-0

[Event "Open Brno 2017"]
[Site "Brno"]
[Date "2017.11.14"]
[Round "4"]
[White "Kalveus, Jan"]
[Black "Lukacs, Anna"]
[Result "1-0"]
[WhiteElo "1849"]
[BlackElo "1754"]
[PlyCount "45"]
[EventDate "2017.11.11"]

1. d4 g6 2. b3 Bg7 3. Bb2 Nf6 4. Nf3 d6 5. e3 O-O 6. Bd3 Nbd7 7. Nbd2 c5 8. c4
cxd4 9. exd4 e5 10. O-O Re8 11. Re1 Nh5 12. Ne4 Qb6 13. Ba3 f5 14. Nxd6 e4 15.
Nxe8 exf3 16. Nxg7 Nxg7 17. Qxf3 Nf6 18. c5 Qc7 19. d5 Ng4 20. d6 Qa5 21. Qd5+
Kh8 22. Bb2 Qd8 23. Qf7 1-0

[Event "Open Brno 2017"]
[Site "Brno"]
[Date "2017.11.14"]
[Round "4"]
[White "Smietanska, Wiktoria"]
[Black "Pesl, Jan"]
[Result "1/2-1/2"]
[WhiteElo "1386"]
[BlackElo "1795"]
[PlyCount "90"]
[EventDate "2017.11.11"]

1. e4 Nf6 2. e5 Nd5 3. d4 d6 4. Nf3 Bg4 5. exd6 exd6 6. c4 Nf6 7. Nc3 Be7 8. h3
Bh5 9. Be2 O-O 10. O-O Re8 11. Re1 Nc6 12. Be3 d5 13. c5 a6 14. Rc1 Ne4 15. Qb3
Nxc3 16. Qxc3 Bxf3 17. Bxf3 Bf6 18. Rcd1 Ne7 19. Bf4 b5 20. Be5 Bxe5 21. Rxe5
c6 22. Bg4 g6 23. Rde1 h5 24. Bd1 Kg7 25. Qg3 Qc7 26. Bc2 Rac8 27. Qe3 Nf5 28.
Bxf5 Rxe5 29. Qxe5+ Qxe5 30. Rxe5 gxf5 31. Rxf5 Kg6 32. Re5 a5 33. Kf1 f6 34.
Re3 Kf5 35. Ke2 h4 36. Kd3 Rg8 37. g3 hxg3 38. Rxg3 Re8 39. Rf3+ Kg5 40. Re3
Rh8 41. Ke2 Kf5 42. Kd3 Kg5 43. Rg3+ Kf5 44. Rf3+ Kg5 45. Rg3+ Kf5 1/2-1/2

[Event "Open Brno 2017"]
[Site "Brno"]
[Date "2017.11.14"]
[Round "4"]
[White "Tesar, Jan"]
[Black "Pater, Peter"]
[Result "1-0"]
[WhiteElo "2090"]
[BlackElo "1659"]
[PlyCount "57"]
[EventDate "2017.11.11"]

1. d4 {[%emt 0:00:00]} Nf6 2. c4 d6 3. Nc3 Nbd7 4. e4 e5 5. d5 Nc5 6. f3 a5 7.
Be3 g6 8. Qd2 Bg7 9. Nge2 O-O 10. g4 Bxg4 11. fxg4 Nfxe4 12. Nxe4 Nxe4 13. Qd3
Qh4+ 14. Ng3 Nxg3 15. Bf2 Qxg4 16. hxg3 f5 17. Bh3 Qg5 18. Qd2 Bh6 19. Qxg5
Bxg5 20. Ke2 Rae8 21. Be1 b6 22. Bd2 Bxd2 23. Kxd2 g5 24. Bg2 Kg7 25. Rh5 Kg6
26. Rah1 Rf7 27. Rh6+ Kg7 28. Rxh7+ Kg6 29. R1h6# 1-0

[Event "Open Brno 2017"]
[Site "Brno"]
[Date "2017.11.14"]
[Round "4"]
[White "Schoeppe, Christian"]
[Black "Basson, Heinrich"]
[Result "1/2-1/2"]
[WhiteElo "1486"]
[BlackElo "1939"]
[PlyCount "71"]
[EventDate "2017.11.11"]

1. e4 {[%emt 0:00:00]} d5 2. exd5 Qxd5 3. Nf3 Nf6 4. c4 Qa5 5. Be2 c6 6. O-O
Bf5 7. d3 e6 8. a3 Nbd7 9. Bd2 Qc7 10. Nc3 Bd6 11. h3 O-O 12. b4 b6 13. Nh4 Bg6
14. Nxg6 hxg6 15. d4 Rac8 16. f4 Rfd8 17. c5 Be7 18. Be3 bxc5 19. bxc5 Nxc5 20.
Qc2 Ncd7 21. Ba6 Rb8 22. f5 Qb6 23. fxe6 Qxa6 24. exd7 Rxd7 25. Ne4 Nxe4 26.
Qxe4 Qa4 27. Rxf7 Kxf7 28. Qf4+ Bf6 29. Qxb8 c5 30. Rf1 cxd4 31. Bd2 d3 32. Bb4
g5 33. Qf8+ Kg6 34. Qe8+ Kh6 35. Qh8+ Kg6 36. Qe8+ 1/2-1/2

[Event "Open Brno 2017"]
[Site "Brno"]
[Date "2017.11.14"]
[Round "4"]
[White "Wunsch, Radek"]
[Black "Buri, Kata"]
[Result "0-1"]
[WhiteElo "1759"]
[BlackElo "1614"]
[PlyCount "74"]
[EventDate "2017.11.11"]

1. e4 {[%emt 0:00:00]} e6 2. d4 d5 3. e5 c5 4. c3 Nc6 5. Nf3 Nh6 6. Bd3 Nf5 7.
Bxf5 exf5 8. O-O Be7 9. dxc5 Bxc5 10. Bg5 Ne7 11. b4 Bb6 12. Bxe7 Qxe7 13. Qxd5
O-O 14. Nbd2 Be6 15. Qd6 Qe8 16. Qd3 Qc6 17. c4 Rfd8 18. Qc2 Rac8 19. c5 Qb5
20. Qc3 Rd3 21. Nd4 Qa6 22. Qb2 Bc7 23. Nxe6 Qxe6 24. f4 Rcd8 25. Nf3 Qc4 26.
g3 b6 27. Rac1 Qe4 28. Rce1 Qc6 29. Qf2 bxc5 30. bxc5 Ba5 31. Rc1 Bd2 32. Rcd1
Be3 33. Qxe3 Rxd1 34. Rxd1 Rxd1+ 35. Kf2 h6 36. Qa3 Qe4 37. Qc3 Rd3 0-1

[Event "Open Brno 2017"]
[Site "Brno"]
[Date "2017.11.14"]
[Round "4"]
[White "Kochev, Igor"]
[Black "Vicze, Zsofia"]
[Result "1-0"]
[WhiteElo "1737"]
[BlackElo "1606"]
[PlyCount "49"]
[EventDate "2017.11.11"]

1. e4 {[%emt 0:00:00]} c5 2. Nf3 Nc6 3. d4 cxd4 4. Nxd4 Nf6 5. Nc3 d6 6. f3 e5
7. Nb3 Be6 8. Be3 Be7 9. Qd2 O-O 10. O-O-O a5 11. g4 a4 12. Na1 Na5 13. h4 Nc4
14. Bxc4 Bxc4 15. h5 b5 16. g5 Ne8 17. Rdg1 b4 18. Nd5 Bxd5 19. exd5 Rb8 20.
Qh2 Qc7 21. g6 a3 22. h6 axb2+ 23. Kxb2 Bf6 24. hxg7 Qc3+ 25. Kb1 1-0

[Event "Open Brno 2017"]
[Site "Brno"]
[Date "2017.11.14"]
[Round "4"]
[White "Hamouche, Kahina"]
[Black "Sojka, Oldrich"]
[Result "1-0"]
[WhiteElo "1282"]
[BlackElo "1529"]
[PlyCount "71"]
[EventDate "2017.11.11"]

1. e4 e5 2. Nf3 Nc6 3. Bc4 Bc5 4. c3 Nf6 5. d4 exd4 6. cxd4 Bb4+ 7. Bd2 Bxd2+
8. Nbxd2 d6 9. h3 Qe7 10. O-O O-O 11. Re1 h6 12. Rc1 Qd8 13. Nf1 d5 14. exd5
Nxd5 15. Ng3 Nf6 16. Bb3 Ne7 17. Qd3 c6 18. Ne5 Ned5 19. Rcd1 Be6 20. a3 Nf4
21. Qc2 N6d5 22. Bc4 Rc8 23. Ne4 Bf5 24. Qd2 Re8 25. Ng3 Be6 26. Ba2 f6 27. Nd3
Nxd3 28. Qxd3 Qd7 29. Bb1 Ne7 30. Qh7+ Kf7 31. Nh5 Rg8 32. Nf4 Rh8 33. Bg6+
Nxg6 34. Qxg6+ Kg8 35. Nxe6 Re8 36. Nc5 1-0

[Event "Open Brno 2017"]
[Site "Brno"]
[Date "2017.11.14"]
[Round "5"]
[White "Kuehn, Martin"]
[Black "Qashashvili, Alexandre"]
[Result "1-0"]
[WhiteElo "1871"]
[BlackElo "2514"]
[PlyCount "47"]
[EventDate "2017.11.11"]

1. d4 Nf6 2. Bf4 e6 3. e3 c5 4. c3 Nc6 5. Nd2 d5 6. Ngf3 Bd6 7. Bg3 O-O 8. Bd3
Qe7 9. Ne5 Nd7 10. Nxd7 Bxd7 11. Bxd6 Qxd6 12. dxc5 Qxc5 13. Bxh7+ Kxh7 14.
Qh5+ Kg8 15. Ne4 Qc4 16. Ng5 Rfd8 17. Qxf7+ Kh8 18. Qh5+ Kg8 19. Rd1 Be8 20.
Qh7+ Kf8 21. Qh8+ Ke7 22. Qxg7+ Kd6 23. b3 Qh4 24. g3 1-0

[Event "Open Brno 2017"]
[Site "Brno"]
[Date "2017.11.14"]
[Round "5"]
[White "Molnar, Bela"]
[Black "Matejovsky, Ondrej"]
[Result "1-0"]
[WhiteElo "2289"]
[BlackElo "2022"]
[PlyCount "41"]
[EventDate "2017.11.11"]

1. d4 {[%emt 0:00:00]} d5 2. c4 e5 3. dxe5 d4 4. e4 Nc6 5. f4 Bc5 6. Bd3 f6 7.
e6 Bb4+ 8. Nd2 Bxe6 9. a3 Bxd2+ 10. Bxd2 Nge7 11. Nf3 O-O 12. O-O Bg4 13. b4
Qd7 14. Qb3 Rae8 15. Rae1 Be6 16. Qc2 f5 17. Ng5 fxe4 18. Nxe6 exd3 19. Nxf8
Qf5 20. Qb1 Rxf8 21. b5 1-0

[Event "Open Brno 2017"]
[Site "Brno"]
[Date "2017.11.14"]
[Round "5"]
[White "Mikes, Jan"]
[Black "Sernecki, Franciszek"]
[Result "1/2-1/2"]
[WhiteElo "2272"]
[BlackElo "2139"]
[PlyCount "129"]
[EventDate "2017.11.11"]

1. e4 c5 2. Nf3 e6 3. d4 cxd4 4. Nxd4 a6 5. Bd3 Qc7 6. O-O Nf6 7. Nc3 Nc6 8.
Nb3 Be7 9. f4 d5 10. Qf3 dxe4 11. Nxe4 Nb4 12. Be3 Nxd3 13. cxd3 O-O 14. Rac1
Qd8 15. Bd4 Nd5 16. Qg3 Bf6 17. Nxf6+ Nxf6 18. Be5 Kh8 19. Rc4 Rg8 20. Rc7 Nd7
21. Rfc1 Nxe5 22. fxe5 Bd7 23. Rxb7 Rb8 24. Rxb8 Qxb8 25. Qe3 Rd8 26. d4 h6 27.
h3 Qb6 28. Kh2 Bc6 29. Qf2 Kg8 30. Nc5 a5 31. Rc3 Qb4 32. Nxe6 fxe6 33. Rxc6
Qxd4 34. Qxd4 Rxd4 35. Rxe6 Re4 36. Kg3 Kf7 37. Kf3 Ra4 38. Rb6 Rxa2 39. Ke4 a4
40. Rb7+ Kf8 41. Kf5 a3 42. bxa3 Rxa3 43. Ke6 Ra6+ 44. Kd7 Kf7 45. g4 Re6 46.
Rb5 Ra6 47. Rb4 Ra7+ 48. Kd6 Ra6+ 49. Kd5 Ra5+ 50. Ke4 Ra6 51. Rb7+ Ke6 52. Rb4
Rc6 53. h4 Ra6 54. Kf4 Rc6 55. h5 Ra6 56. Rd4 Rb6 57. Ra4 Rc6 58. Ra7 Rc4+ 59.
Kg3 Kxe5 60. Rxg7 Rc6 61. Kh4 Ra6 62. Re7+ Re6 63. Rxe6+ Kxe6 64. Kg3 Ke5 65.
Kf3 1/2-1/2

[Event "Open Brno 2017"]
[Site "Brno"]
[Date "2017.11.14"]
[Round "5"]
[White "Kuehn, Karsten"]
[Black "Munk, Petr"]
[Result "1/2-1/2"]
[WhiteElo "1979"]
[BlackElo "2142"]
[PlyCount "54"]
[EventDate "2017.11.11"]

1. d4 {[%emt 0:00:00]} e6 2. Bf4 c5 3. e3 Nf6 4. Nd2 d5 5. c3 Nc6 6. Ngf3 Be7
7. Bd3 Nh5 8. Be5 f6 9. Bg3 O-O 10. Ng5 fxg5 11. Qxh5 h6 12. Qg6 Bf6 13. Nf3 c4
14. Bc2 Ne7 15. Qh7+ Kf7 16. Ne5+ Bxe5 17. Bxe5 Rg8 18. Bd1 Bd7 19. f4 Nf5 20.
Bh5+ Ke7 21. fxg5 Rh8 22. Bf6+ Kd6 23. Bxd8 Rxh7 24. g6 Rh8 25. Ba5 Be8 26. Ke2
Nh4 27. Rhf1 Nxg6 1/2-1/2

[Event "Open Brno 2017"]
[Site "Brno"]
[Date "2017.11.14"]
[Round "5"]
[White "Seddaoui, Yamine"]
[Black "Mizicka, Matus"]
[Result "1-0"]
[WhiteElo "2128"]
[BlackElo "1772"]
[PlyCount "85"]
[EventDate "2017.11.11"]

1. e4 {[%emt 0:00:00]} c5 2. Nf3 Nc6 3. c4 g6 4. d4 cxd4 5. Nxd4 Bg7 6. Be3 d6
7. Nc3 Nf6 8. Be2 O-O 9. O-O Bd7 10. Qd2 Ng4 11. Bxg4 Bxg4 12. Rac1 a6 13. Nd5
Rc8 14. f3 Bd7 15. Nb3 e6 16. Nb6 Rc7 17. Qxd6 Bxb2 18. Rcd1 Be5 19. Qd2 Bc8
20. Qf2 Bd7 21. f4 Bg7 22. Bc5 Ne7 23. Bd6 Rc6 24. Bxe7 Qxe7 25. Rxd7 Qb4 26.
c5 a5 27. e5 Re8 28. Qd4 Qb5 29. Rd8 Rc7 30. Rxe8+ Qxe8 31. Nxa5 Bf8 32. Nb3
Kg7 33. Nc4 Kg8 34. Nd6 Qa8 35. a4 Rc6 36. a5 Qa6 37. Qb4 Rc7 38. Qb6 Qxb6 39.
axb6 Rd7 40. Na5 Bxd6 41. exd6 Kg7 42. c6 bxc6 43. b7 1-0

[Event "Open Brno 2017"]
[Site "Brno"]
[Date "2017.11.14"]
[Round "5"]
[White "Pavlicek, Petr"]
[Black "Dopita, Bohumil"]
[Result "1/2-1/2"]
[WhiteElo "1911"]
[BlackElo "2136"]
[PlyCount "77"]
[EventDate "2017.11.11"]

1. d4 {[%emt 0:00:00]} Nf6 {[%emt 0:00:00]} 2. c4 e6 3. Nf3 Bb4+ 4. Bd2 Qe7 5.
g3 Bxd2+ 6. Qxd2 c5 7. Nc3 d6 8. Bg2 O-O 9. e4 Nc6 10. O-O e5 11. d5 Nd4 12.
Rfe1 Bd7 13. Rab1 Rfc8 14. b3 Nxf3+ 15. Bxf3 Rab8 16. Be2 a6 17. a4 b6 18. Kg2
Ne8 19. Bd3 Rb7 20. Rf1 f6 21. Rbe1 Nc7 22. Qe2 Qe8 23. f4 b5 24. axb5 axb5 25.
Ra1 b4 26. Nd1 Ra8 27. Ne3 Rba7 28. Qb2 Qc8 29. f5 Ra5 30. Rxa5 Rxa5 31. Ra1
Qa8 32. Nc2 Kf7 33. Rxa5 Qxa5 34. Qa1 Qxa1 35. Nxa1 g6 36. g4 Ne8 37. Kf3 Ng7
38. h3 gxf5 39. exf5 1/2-1/2

[Event "Open Brno 2017"]
[Site "Brno"]
[Date "2017.11.14"]
[Round "5"]
[White "Kalisch, Michael"]
[Black "Igen, Amir"]
[Result "0-1"]
[WhiteElo "2060"]
[BlackElo "1684"]
[PlyCount "88"]
[EventDate "2017.11.11"]

1. e4 e6 2. d4 d5 3. Nc3 Bb4 4. exd5 exd5 5. Bd3 Nf6 6. Nge2 O-O 7. O-O c6 8.
Ng3 Qc7 9. Nce2 Bd6 10. h3 Re8 11. c4 dxc4 12. Bxc4 Be6 13. Bd3 Nbd7 14. Qc2
Nf8 15. Bd2 Nd5 16. Ne4 Nf4 17. Bxf4 Bxf4 18. Nc5 Bd6 19. Rac1 h6 20. Nc3 Rad8
21. Rcd1 Bh2+ 22. Kh1 Bf4 23. Qa4 b5 24. Qc2 Qc8 25. Ne2 Bb8 26. Nxe6 Nxe6 27.
Be4 Ng5 28. Bxc6 Rxe2 29. Qxe2 Qxc6 30. d5 Qd6 31. f4 a6 32. g4 Nh7 33. Qg2 Nf8
34. f5 Nd7 35. h4 Nf6 36. g5 hxg5 37. hxg5 Ne4 38. Rd3 Ng3+ 39. Rxg3 Qxg3 40.
Qxg3 Bxg3 41. Rd1 Rd6 42. Kg2 Bf4 43. g6 fxg6 44. Kf3 g5 0-1

[Event "Open Brno 2017"]
[Site "Brno"]
[Date "2017.11.14"]
[Round "5"]
[White "Kastner, Oldrich"]
[Black "Popper, Tomas"]
[Result "1-0"]
[WhiteElo "2025"]
[BlackElo "2058"]
[PlyCount "83"]
[EventDate "2017.11.11"]

1. d4 {[%emt 0:00:00]} Nf6 2. c4 c5 3. Nf3 e6 4. Nc3 d5 5. cxd5 Nxd5 6. e4 cxd4
7. exd5 dxc3 8. Bb5+ Ke7 9. O-O Qxd5 10. Qa4 Bd7 11. Qh4+ Ke8 12. Bc4 Qc5 13.
bxc3 Be7 14. Bg5 Nc6 15. Rab1 b6 16. Rfd1 Bxg5 17. Nxg5 Ne5 18. Ne4 Qe7 19.
Nd6+ Kf8 20. Qe4 Nc6 21. Bb5 g6 22. Bxc6 Bxc6 23. Qxc6 Kg7 24. Rd3 Rhf8 25.
Rbd1 Kg8 26. Qb5 Rad8 27. Ne4 f5 28. Rxd8 Rxd8 29. Rxd8+ Qxd8 30. Qd7 Qxd7 31.
Nf6+ Kf7 32. Nxd7 Ke7 33. Ne5 Kd6 34. f4 Kd5 35. h4 Ke4 36. g3 Ke3 37. c4 Kd2
38. Kf2 Kc3 39. Ke3 Kb4 40. Kd4 Ka3 41. Nc6 a5 42. Nxa5 1-0

[Event "Open Brno 2017"]
[Site "Brno"]
[Date "2017.11.14"]
[Round "5"]
[White "Zhukenov, Aituar"]
[Black "Kalveus, Jan"]
[Result "1-0"]
[WhiteElo "1738"]
[BlackElo "1849"]
[PlyCount "59"]
[EventDate "2017.11.11"]

1. e4 {[%emt 0:00:00]} e6 2. d4 d5 3. Nd2 Nf6 4. e5 Nfd7 5. Bd3 c5 6. c3 Nc6 7.
Ne2 cxd4 8. cxd4 Qb6 9. Nf3 h6 10. O-O Be7 11. a3 Qd8 12. b4 Nb6 13. Nf4 h5 14.
Nh3 f6 15. Bg6+ Kd7 16. Nf4 Kc7 17. Bf7 g5 18. exf6 Bxf6 19. Nxe6+ Bxe6 20.
Bxe6 Qd6 21. Bf5 Ne7 22. Qc2+ Nc4 23. Bd3 Rac8 24. Nxg5 Rhg8 25. Bf4 Rxg5 26.
Bxd6+ Kxd6 27. Qe2 Bxd4 28. Rad1 Rcg8 29. Be4 Bb6 30. Qxc4 1-0

[Event "Open Brno 2017"]
[Site "Brno"]
[Date "2017.11.14"]
[Round "5"]
[White "Kirste, Olaf"]
[Black "Aird, Ian"]
[Result "1/2-1/2"]
[WhiteElo "1942"]
[BlackElo "1738"]
[PlyCount "101"]
[EventDate "2017.11.11"]

1. c4 e6 2. Nc3 d5 3. d4 Nf6 4. Nf3 Be7 5. Bg5 Nbd7 6. e3 h6 7. Bh4 O-O 8. Qc2
c5 9. Rc1 a6 10. cxd5 Nxd5 11. Bxe7 Nxe7 12. Be2 b6 13. O-O Bb7 14. Rfd1 cxd4
15. Rxd4 Nc6 16. Rd6 Qe7 17. Rcd1 Nf6 18. Na4 Nb4 19. Qb3 Nbd5 20. Qa3 b5 21.
Nb6 b4 22. Qd3 Qxd6 23. Nxa8 Rxa8 24. e4 a5 25. e5 Qe7 26. exf6 Qxf6 27. Qd4
Qxd4 28. Nxd4 Nf4 29. Bf1 Rd8 30. Rd2 Bxg2 31. Bc4 Bb7 32. Kf1 e5 33. Nb3 Rxd2
34. Nxd2 Bd5 35. Bxd5 Nxd5 36. Nc4 f6 37. Nxa5 Kf7 38. a3 Ke6 39. Ke1 Kf5 40.
Nc6 bxa3 41. bxa3 Nc3 42. Nb4 Ke4 43. Nc2 Kf3 44. Ne3 g5 45. Nf5 h5 46. Kf1 h4
47. h3 Na4 48. Nh6 e4 49. Ng4 f5 50. Ne5+ Kf4 51. Ng6+ 1/2-1/2

[Event "Open Brno 2017"]
[Site "Brno"]
[Date "2017.11.14"]
[Round "5"]
[White "Dudek, Vojtech"]
[Black "Mazanec, Karel"]
[Result "1-0"]
[WhiteElo "1867"]
[BlackElo "1611"]
[PlyCount "41"]
[EventDate "2017.11.11"]

1. e4 e5 2. Nc3 Nc6 3. Bc4 Nf6 4. d3 Be7 5. Nge2 O-O 6. O-O d6 7. f4 Na5 8. f5
Nxc4 9. dxc4 b6 10. Qd3 Bb7 11. Bg5 Nd7 12. Bxe7 Qxe7 13. Qg3 Nf6 14. Qh4 Rae8
15. Ng3 Nd5 16. f6 Nxf6 17. Nf5 Qd8 18. Qg5 g6 19. Nh6+ Kg7 20. Rxf6 Bc8 21.
Raf1 1-0

[Event "Open Brno 2017"]
[Site "Brno"]
[Date "2017.11.14"]
[Round "5"]
[White "Gulacsi, Donat"]
[Black "Prammer, Franz"]
[Result "0-1"]
[WhiteElo "1639"]
[BlackElo "1816"]
[PlyCount "54"]
[EventDate "2017.11.11"]

1. e4 {[%emt 0:00:00]} d6 2. d4 Nf6 3. Nc3 e5 4. Nge2 Nbd7 5. g3 Be7 6. Bg2 O-O
7. O-O c6 8. f4 exf4 9. Bxf4 Qb6 10. Na4 Qa5 11. c3 b5 12. e5 dxe5 13. dxe5
bxa4 14. exf6 Bxf6 15. Kh1 Ne5 16. Nd4 Bg4 17. Qc2 Rac8 18. Bxe5 Bxe5 19. Nxc6
Qc5 20. Nxe5 Qxe5 21. Qxa4 h5 22. Qxa7 Rcd8 23. Bf3 Bh3 24. Rfe1 Qf5 25. Bg2
Bxg2+ 26. Kxg2 Rd2+ 27. Kg1 Qf3 0-1

[Event "Open Brno 2017"]
[Site "Brno"]
[Date "2017.11.14"]
[Round "5"]
[White "Pesl, Jan"]
[Black "Svoboda, Zdenek"]
[Result "0-1"]
[WhiteElo "1795"]
[BlackElo "1652"]
[PlyCount "56"]
[EventDate "2017.11.11"]

1. e4 {[%emt 0:00:00]} c6 2. d4 d5 3. exd5 Qxd5 4. Nc3 Qa5 5. Bc4 Nf6 6. Nf3
Bg4 7. Bd2 Qc7 8. O-O Nbd7 9. Re1 O-O-O 10. Bxf7 Nb6 11. Be6+ Kb8 12. Bxg4 Nxg4
13. g3 Nc4 14. Bf4 e5 15. Nxe5 Ngxe5 16. b3 Bc5 17. bxc4 Bxd4 18. Qe2 Rhe8 19.
Rad1 Bxc3 20. Bxe5 Rxe5 21. Rxd8+ Qxd8 22. Rd1 Rxe2 23. Rxd8+ Kc7 24. Rf8 c5
25. Rf7+ Kb6 26. a4 Rxc2 27. a5+ Ka6 28. h4 Bd4 0-1

[Event "Open Brno 2017"]
[Site "Brno"]
[Date "2017.11.14"]
[Round "5"]
[White "Ruzicka, Vaclav"]
[Black "Siegemund, Joachim"]
[Result "0-1"]
[WhiteElo "1571"]
[BlackElo "2127"]
[PlyCount "56"]
[EventDate "2017.11.11"]

1. d4 d5 2. c4 c6 3. e3 Nf6 4. Nf3 e6 5. cxd5 exd5 6. Be2 Bf5 7. O-O Bd6 8. h3
h6 9. Bd3 Ne4 10. Nc3 O-O 11. Nd2 Nxc3 12. bxc3 Bxd3 13. Re1 Nd7 14. Nf3 Be4
15. Nd2 Nf6 16. c4 Re8 17. c5 Bc7 18. f3 Bg6 19. Nf1 b5 20. Bd2 Nh5 21. f4 Nf6
22. a3 Ne4 23. Ra2 f5 24. Rc2 Qh4 25. Bc3 Nxc3 26. Rxc3 Bxf4 27. Rc2 Bc7 28.
Qf3 Qxe1 0-1